Datum a čas kvízu

29.5 Celkem bodů Celkový počet nahraných bodů na tomto kvízu bez doplňovacích otázek.
3. Pořadí na kvízu Konečné umístění týmu na tomto kvízu.

Zaznamenané odpovědi

# Otázka Odpověď Body Výsledky
1. Ve čtvrtek jsme se dozvěděli,... Rohlík.cz 0
2. O nebývalý rozruch se na newyo... A) mýval 0
3. Který bývalý člen kanceláře pr... Jiří Ovčáček 1
4. Řetězec Pepco se pod tlakem zá... C) zkušební kabiny 1
5. V úterý byly zveřejněny podrob... Tadej Pogačar, Spojené arabské emiráty 0.5
6. Napište názvy dvou filmů Zacka... 300: Bitva u Thermopyl, 300: Vzestup říše 1
7. Přiřaďte následující herce k p... 1B 2A 3C 4D 1
8. Německý film režiséra Edwarda... Na západní frontě klid, Erich Maria Remarque 0.5
9. Film Pianista byl natočen v ro... Adrien Brody, Roman Polański 1
10. Napište název filmu, z něhož p... Nepřítel před branami 1